000 00714nam a2200253Ia 4500
003 OSt
005 20221006160128.0
006 a|||||r|||| 00| 0
007 ta
008 221006b |||||||| |||| 00| 0 kor d
020 _a9788995501733
_cW30,000
024 _a44,381
037 _bGift, KCC (Window on Korea)
_cTextual
040 _aEASL
_cEASL
_bkor
041 _2kor
_akor
082 _aP495:4k, P6
245 0 _aLearner's dictionary of korean
260 _aKorea
_bKyubyong idom michael elliott
_c2006
300 _a888p.
_ccm.
650 _a KL
650 _aKorean dictionary
_9672018
942 _hP495:4k, P6
_cTEXL
_2CC
999 _c1112473
_d1112473